000 01612nam a22001457a 4500
999 _c528688
_d528688
008 250103b ||||| |||| 00| 0 eng d
100 _aFerdous, Jannatul
_949668
245 _aNexus between citizens’ trust and good governance in public institutions of South Asia
260 _aIndian Journal of Public Administration
300 _a70(4), Dec, 2024: p.715-727
520 _aPublic institutions are essential for executing government policies. Citizens’ trust in public institutions is a crucial factor to consider when assessing the state of democracy. Working processes, trends, organisational principles, neutrality, approaches and impartiality are also used to assess an institution’s trustworthiness. Failing to satisfy any of these indicators can create distrust. Good governance is essential for every country to move forward and attain its development goals. For most countries in South Asia, governance is not in a good condition, with government institutions struggling to perform satisfactorily. In this situation, distrust may be fostered among citizens with limited conviction in democracy and diminish the reliability of public institutions. By taking these issues into account, this article uses secondary literature to evaluate the level of trust in the public institutions of South Asian States with a distinct emphasis on good governance.- Reproduced https://journals.sagepub.com/doi/full/10.1177/00195561241248140
650 _aTrust, Good governance, Public institutions, Democracy, South Asia.
_949669
773 _aIndian Journal of Public Administration
942 _cAR